Statistiques concernant serie netflix

Cliquez ici pour prendre le quiz!

Statistiques générales

  • Ce quiz a été pris 368 fois
  • Le résultat moyen est 19 sur 100

Statistiques - réponses

réponse% Correct
31stranger things
73%
13la casa de papel
70%
2elite
67%
19riverdale
60%
4the 100
58%
11outer banks
57%
14squid game
49%
3sex education
47%
21you
47%
2613 reasons why
46%
20lucifer
46%
12breaking bad
40%
8gossip girl
40%
25the walking dead
39%
76h
38%
7teen wolf
38%
42umbrella academy
36%
24orange is the new black
35%
98mes premieres fois
34%
1prison break
34%
39lupin
33%
5dynastie
32%
56friends
29%
45the crown
29%
36insatiable
27%
57ginny georgia
26%
44pretty little liars
26%
40narcos
24%
27the rain
24%
28le jeu de la dame
23%
63black mirror
22%
66on my block
22%
47the witcher
22%
15la chronique des bridgerton
21%
61murder
21%
59qui ment
21%
6vikings
21%
93anne with an e
20%
96atypical
20%
10jane the virgin
20%
48baby
19%
17les demoiselles du telephone
19%
18shadow hunters
19%
9the society
17%
91cobra kai
16%
30outlander
16%
80dark
15%
68sabrina
15%
99the end of the fucking world
15%
34control z
14%
32good girls
14%
69good doctor
13%
46alice in borderland
12%
23top boy
12%
100family business
11%
38sex life
11%
92glee
10%
90greenhouse academy
10%
50the order
10%
95trinkets
10%
67all of us are dead
9%
74love 101
9%
35young royals
9%
73blacklist
8%
60blood and water
8%
81mortel
8%
79plan coeur
8%
55skins
8%
62destin la saga winx
7%
41locke key
7%
87ragnarok
7%
51the a list
7%
33the last kingdom
7%
22valeria
7%
75grand army
6%
70maid
6%
16reine du sud
6%
71spinning out
6%
77swat
6%
83bodyguard
5%
58chicago fire
5%
89the one
5%
65comment elever un super heros
4%
72dare me
4%
52dead to me
4%
94rebelde
4%
53scream
4%
29snowpiercer
4%
64tiny pretty things
4%
49alta mar
3%
97kitz
3%
86sky rojo
3%
37sombre desir
3%
54paeky blinders
2%
78the circle game
2%
82apres toi le chaos
1%
88les justicieres
1%
84mon amie adele
1%
43v wars
1%
85ne t eloigne pas
0%

Distribution des résultats

Percentile par nombre de réponses

% des personnes avec chaque résultat

Votre développement - résultats

Vous n’avez pas pris ce quiz